曜日の漢字が入る市区町村 - Statistics

General Stats
  • This quiz has been taken 153 times
  • The average score is 44 of 94
Answer Stats
都道府県 市町村 % Correct
東京都 日野市
82%
山梨県 大月市
78%
宮崎県 日南市
78%
茨城県 土浦市
69%
山形県 朝日町
65%
栃木県 日光市
65%
富山県 朝日町
65%
三重県 朝日町
65%
大分県 日田市
65%
石川県 金沢市
63%
山形県 金山町
61%
福島県 金山町
61%
北海道 清水町
59%
富山県 射水市
59%
静岡県 清水町
59%
滋賀県 日野町
59%
鳥取県 日野町
59%
長野県 木祖村
58%
熊本県 水俣市
58%
宮崎県 日向市
58%
北海道 月形町
57%
高知県 土佐清水市
57%
長野県 木曽町
55%
長野県 朝日村
55%
鹿児島県 出水市
53%
北海道 日高町
52%
茨城県 日立市
52%
栃木県 栃木市
52%
埼玉県 日高市
52%
和歌山県 日高町
52%
茨城県 水戸市
51%
石川県 穴水町
50%
高知県 土佐市
50%
東京都 日の出町
49%
長野県 北相木村
49%
兵庫県 三木市
49%
石川県 宝達志水町
48%
長野県 南相木村
48%
熊本県 宇土市
48%
埼玉県 春日部市
47%
三重県 四日市市
47%
京都府 向日市
47%
京都府 木津川市
47%
鳥取県 日南町
47%
岩手県 金ケ崎町
45%
東京都 小金井市
45%
長野県 売木村
45%
長野県 南木曽町
45%
高知県 大月町
45%
新潟県 十日町市
44%
愛知県 春日井市
44%
福岡県 大木町
44%
大分県 日出町
44%
沖縄県 金武町
44%
広島県 廿日市市
43%
香川県 土庄町
43%
熊本県 水上村
43%
宮崎県 日之影町
43%
鳥取県 日吉津村
42%
福岡県 春日市
42%
千葉県 木更津市
41%
大阪府 茨木市
41%
香川県 三木町
41%
高知県 土佐町
41%
栃木県 茂木町
40%
長野県 喬木村
40%
鹿児島県 垂水市
40%
栃木県 野木町
39%
千葉県 東金市
39%
熊本県 和水町
39%
鹿児島県 日置市
39%
埼玉県 志木市
38%
神奈川県 厚木市
38%
長野県 青木村
38%
愛知県 日進市
38%
三重県 木曽岬町
38%
和歌山県 日高川町
38%
北海道 小清水町
36%
長野県 木島平村
36%
高知県 中土佐町
36%
宮崎県 木城町
36%
鹿児島県 湧水町
35%
山口県 和木町
34%
熊本県 五木村
34%
北海道 今金町
33%
高知県 日高村
33%
岐阜県 土岐市
31%
熊本県 津奈木町
28%
福岡県 水巻町
26%
鹿児島県 いちき串木野市
26%
熊本県 多良木町
25%
奈良県 明日香村
19%
北海道 木古内町
18%
北海道 仁木町
16%
No matching quizzes found
Score Distribution
Percent of People with Each Score
Percentile by Number Answered
Your Score History
You have not taken this quiz